000 00616cam a22002291 4500
001 sa 64008738
003 DLC
005 20260227112056.0
008 940325s1961 ii 000 0 tamr
010 _asa 64008738
035 _a(OCoLC)30023468
040 _aDLC
_cNRU
_dDLC
042 _apremarc
050 0 0 _aJQ539.A45
_bR3
100 1 _aRajagopal, V.,
_d1898-
245 1 0 _aCen̲n̲ai araciyal kaṭcikaḷin̲ nilai.
260 _c[1961?]
300 _a27 p.
_c18 cm.
500 _aIn Tamil.
650 0 _aPolitical parties
_zIndia
_zTamil Nadu.
651 0 _aTamil Nadu (India)
_xPolitics and government.
999 _c61005
_d61005